| 000 | 00487nam a2200193Ia 4500 | ||
|---|---|---|---|
| 008 | 170918s9999 xx 000 0 und d | ||
| 020 | _a9780545101554 | ||
| 050 | _bL847 2007 | ||
| 100 | _aLondon, Jonathan | ||
| 245 | _aFroggy plays t-ball / | ||
| 245 | _cJonathan London ; illustrated by Frank Remkiewicz. | ||
| 260 | _aNew York : | ||
| 260 | _bScholastic, | ||
| 260 | _c2007 | ||
| 300 | _aunpaged : | ||
| 300 | _bcolored illustration ; | ||
| 300 | _c21cm. | ||
| 500 | _a500 | ||
| 999 |
_c341652 _d341652 |
||